| 000 | 00407nam a22001457a 4500 | ||
|---|---|---|---|
| 008 | 230717b xxu||||| |||| 00| 0 eng d | ||
| 020 | _a9231028928 | ||
| 082 |
_a370.1 _bREI |
||
| 100 | _cFernado Reimers | ||
| 245 |
_a Education, adjustment and reconstruction:options for change _bA UNESCO policy discussion paper |
||
| 260 |
_bUNESCO _c1993 |
||
| 300 | _a116p | ||
| 700 | _cLuis Tiburcio | ||
| 942 |
_2ddc _cBK |
||
| 999 |
_c3978 _d3978 |
||